Política digital: el uso de Facebook en política electoral en Costa Rica (I) /
La masificación de los dispositivos móviles junto con la expansión en la cobertura de Internet ha generado que nuevas prácticas sociales se acoplen a los nuevos escenarios que estos imponen. La política también se encuentra en esta dinámica, y es uno de los principales ámbitos donde la ciudadanía se...
Uloženo v:
| Hlavní autor: | |
|---|---|
| Médium: | Kniha |
| Jazyk: | Spanish |
| Témata: | |
| On-line přístup: | texto completo |
| Tagy: |
Přidat tag
Žádné tagy, Buďte první, kdo vytvoří štítek k tomuto záznamu!
|
MARC
| LEADER | 00000nam a22000007a 4500 | ||
|---|---|---|---|
| 003 | cru CRAI/IIS | ||
| 005 | 20190925062535.0 | ||
| 007 | ta | ||
| 008 | 181024b2017 cr |||p|r|||| 00| 0 spa d | ||
| 999 | |c 41831 |d 41831 | ||
| 040 | |c cru CRAI/IIS | ||
| 100 | 1 | |9 7858 |a Cruz Romero, Roberto | |
| 245 | 1 | |a Política digital: |b el uso de Facebook en política electoral en Costa Rica (I) / |c Roberto Cruz Romero | |
| 300 | |a páginas 115-129 : |b tabla, gráficos | ||
| 520 | |a La masificación de los dispositivos móviles junto con la expansión en la cobertura de Internet ha generado que nuevas prácticas sociales se acoplen a los nuevos escenarios que estos imponen. La política también se encuentra en esta dinámica, y es uno de los principales ámbitos donde la ciudadanía se expresa, debate y se organiza de cara a los procesos electorales. Expone la forma en que la campaña presidencial de 2014 se llevó acabo en la plataforma digital Facebook, y su correlato con la campaña tradicional. Se recurre al análisis cuantitativo y cualitativo del comportamiento de los usuarios de la red social, las tendencias de apoyo a los distintos candidatos y la comparación con lo percibido por medios tradicionales, principalmente las encuestas de opinión. JME/240919. | ||
| 650 | 0 | |9 196 |a COMUNICACION | |
| 650 | 0 | |9 8 |a ANALISIS DE CONTENIDO | |
| 650 | 0 | |9 4828 |a MEDIOS DE COMUNICACION | |
| 650 | 0 | |a REDES DE INFORMACION |9 2888 | |
| 650 | 0 | |9 306 |a ELECCIONES | |
| 650 | 0 | |9 1714 |a TECNOLOGIA DE LA INFORMACION | |
| 650 | 4 | |9 5078 |a COMUNICACION DE MASAS | |
| 650 | 0 | |9 8583 |a COMUNICACION POLITICA | |
| 650 | 0 | |9 8584 |a MEDIOS SOCIALES | |
| 651 | 0 | |9 32 |a COSTA RICA | |
| 773 | 0 | |0 40478 |9 2352 |a Costa Rica. Tribunal Supremo de Elecciones |d San José, Costa Rica: Tribunal Supremo de Elecciones 2006- |o 18912 |t Revista de Derecho Electoral / | |
| 856 | |u http://www.tse.go.cr/revista/art/23/cruz_romero2.pdf |y texto completo | ||
| 942 | |2 ddc |c PP | ||
